Caracterización agro climática para la reducción de riesgos en la producción de soya Glycine max.

Se caracterizaron las condiciones agroclimaticas del cultivo de la soya en el departamento de Santa Cruz de la Sierra, determinado cuáles son las épocas de siembra agroclimaticas que permitan la disminución de los niveles de riesgo y apoye la seguridad alimentaria del territorio

Bibliographic Details
Main Author: Zenteno Barreto, Marco Antonio
Format: Thesis Book
Language:Spanish
Subjects:

MARC

LEADER 00000cam a2200000 a 4500
001 MAG-36
005 20230308194837.0
008 005011|2005 ||||||||r|||||||||||spa||
040 |b spa 
041 1 |a spa 
082 0 |b Si222 
100 1 |a Zenteno Barreto, Marco Antonio  |9 156061 
245 |a Caracterización agro climática para la reducción de riesgos en la producción de soya Glycine max.  |c Marco Antonio Zenteno Barreto  |h imp 
264 |a La Habana  |c 2005 
300 |a 53 páginas: 
502 |a Ingeniero Agrónomo  |b Universidad de Cuenca  |c agro  |d Herrera Soler, Mario, dir.  |e ESCUELA DE INGENIERIA AGRONOMICA 
520 3 |a Se caracterizaron las condiciones agroclimaticas del cultivo de la soya en el departamento de Santa Cruz de la Sierra, determinado cuáles son las épocas de siembra agroclimaticas que permitan la disminución de los niveles de riesgo y apoye la seguridad alimentaria del territorio 
650 1 |a Cultivo de la soya  |9 116525 
650 1 |a Balances hidricos soya  |9 156062 
650 1 |a Analisis de balance de la soya  |9 156063 
650 1 |a Soya  |9 38710 
852 |a UC-YANUNCAY  |c SALA 1 AGROPECUARIAS  |f Donación  |k esthela.duran  |l 1  |m General  |p 20050110  |q 20,00  |t MAG-36  |b 0  |d CDRY  |e CDRY  |g  Si222 SALA 1 AGROPECUARIAS  |z 2005-50-11 
942 |c TS 
999 |c 87452  |d 87452